LEADER 00554nab a2200133 i 4500 001 000000322456 003 CaOOAMICUS 005 20180831173405.0 008 180831n it uu u0 0ita r 013 $a32757 040 $aSeMil$bita 245 10$a«Con tutto il cuore». Note su S. E. Mons. Luigi Oldani (1905-1076). - In [rubrica] :$bIncontri. 773 0 $t[AGOSTO-SETTEMBRE 2005]. - 7, 33 p. - Contiene.$gp.28-29$w()262240 996 $6245$a«Con tutto il cuore». Note su S. E. Mons. Luigi Oldani (1905-1076). - In [rubrica] :$bIncontri.$9(OLS)http://semarc/title/395962 LEADER 01025nam a2200265 i 4500 001 000000071463 003 CaOOAMICUS 005 20081126000000.0 008 081126s1950 fr u000 u fre u 013 $a42635 040 $aSeMil$bita 100 1 $aWeil, Simone,$d<1909-1943>.$0(OLS)http://semarc/name/8684 245 13$aLa connaissance surnaturelle /$cSimone Weil. 260 $aParis :$bGallimard,$c1950. 300 $a337 p. ;$c23 cm. 490 0 $aEspoir 500 $aContiene estratti dai Cahiers del 1942. 650 4$aSoprannaturale.$0(OLS)http://semarc/subject/2544 650 4$aConoscenza.$0(OLS)http://semarc/subject/3699 650 4$aReligione - Filosofia.$0(OLS)http://semarc/subject/505 830 0$aEspoir.$0(OLS)http://semarc/title/19658 850 $aSeMil 852 $aSeMil$W1$xVenegono$y1$m2P IV 174$j37616$B37616$CSeMilBibl$Z2$F37619 $81 996 $6245$aLa connaissance surnaturelle$9(OLS)http://semarc/title/114911 996 $6260$aParis :$bGallimard$9(OLS)http://semarc/publisher/29952